000 00383nam a2200109Ia 4500
008 210430s9999 xx 000 0 und d
082 _a327.1740 C743T
100 _aUnited States Arms Control & Disarmament Agency
_954589
245 _aThreat Control Through Arms Control Annual Report to Congress
_cUnited States Arms Control & Disarmament Agency
300 _a120
942 _cBK
_2ddc
999 _c565215
_d565215